| 000 | 01199nam a2200325 i 4500 | ||
|---|---|---|---|
| 003 | EG-GICUC | ||
| 005 | 20260224232040.0 | ||
| 008 | 260224s1931 fr ||||fr|||| 00| 0 fre d | ||
| 040 |
_aEG-GiCUC _bfre _cEG-GiCUC _dEG-GiCUC _eRda |
||
| 041 | 0 | _afre | |
| 082 | 0 | 4 |
_221 _a341.81 _bBO . T |
| 092 | 0 | 4 | _221 |
| 099 | _aLaw1 12 341.81 BO . T 1931 | ||
| 100 | 1 |
_aBourbousson, E. _eAuteur |
|
| 245 | 1 | 0 |
_aTraite Général De La Nationalité Dans Les Cing Parties Du Monde : _b Du Statut De La Femme Mariée De La Naturalisation De La Perte De La Nationalité / _cE. Bourbousson. |
| 264 | 1 |
_aParis : _bRecueil Sirey, _c1931. |
|
| 300 |
_a613 page, _c 24 cm. _billustration ; |
||
| 336 |
_2rda contenu _a texte |
||
| 337 |
_2rda medias _aOrdinateur |
||
| 338 |
_2 transporteur rda _a Ressource en ligne |
||
| 500 | _aAvec Tous Les Textes En Français (Lois, Constitutions, Décrets, Ordonnances, Etc.) Sur La Nationalité | ||
| 504 | _a | ||
| 546 | _aTexte en français | ||
| 650 | 1 | 4 |
_aNationalité _xDroit international |
| 650 | 1 | 4 |
_aDroit international privé _2 |
| 651 | 1 | _2 | |
| 856 | 4 | 0 | _uhttps://fll.law.cu.edu.eg/fulltext/bks/B12-02615.pdf |
| 905 | _a79 | ||
| 942 |
_2ddc _cBK _e21 _n0 |
||
| 999 |
_c64131 _d64131 |
||